| 000 | 00878cam a22003017a 4500 | ||
|---|---|---|---|
| 001 | 16647421 | ||
| 003 | OSt | ||
| 005 | 20140310182858.0 | ||
| 008 | 110210s2010 ph a 000 0 eng | ||
| 010 | _a 2011308004 | ||
| 020 | _a9789712724701 | ||
| 040 |
_aDLC _cDLC _dDLC |
||
| 042 | _alcode | ||
| 050 | 0 | 0 |
_aPS 9993 _b.P293 2010 |
| 082 |
_aFIL 895 _bP293 2010 |
||
| 100 | 1 | _aPastor, Pam. | |
| 245 | 1 | 0 |
_aPaper cuts : _bdodging deadlines, celebrity run-ins and other stories i told the internet / _cPastor, Pam |
| 260 |
_aPhilippines, Mandaluyong _bAnvil Publishing Inc. _cc2010. |
||
| 300 |
_a169 p. : _bill. ; _c18 cm. |
||
| 521 | _aCollege Students | ||
| 526 | _c1210L to 1700L | ||
| 541 | _j1 | ||
| 541 | _j2 | ||
| 562 | _e2 | ||
| 906 |
_a7 _bcbc _corigode _d4 _encip _f20 _gy-gencatlg |
||
| 942 |
_2lcc _cBK _kFIL |
||
| 999 |
_c17054 _d17054 |
||